| 000 | 00923nam a2200193Ia 4500 | ||
|---|---|---|---|
| 003 | GCL | ||
| 008 | 140319s9999 xx 000 0 ara d | ||
| 040 |
_aGCL / _cGCL |
||
| 082 | 0 | 4 |
_a227 _bم ص |
| 100 | 1 | _aمحمد على الصابونى | |
| 245 | 1 | 0 |
_a"صفوة التفسير: تفسير للقران الكريم, جامع بين الماثور والمعقول مستمد من اوثق كتب التفثير "" الطبرى, الكشاف, القرطبى, الالوسى, ابن كثير,البحر المحيط "" وغيرها باسلوب ميسر وتنظيم حديث , مع العنايةبالوجوه البيانية واللغوية, ط 5" / _cمحمد على الصابونى |
| 260 |
_a[S.N] : _bدار القلم للتراث ، _c1976 |
||
| 300 | _aمتعدد الترقيم | ||
| 490 | _a | ||
| 650 | 0 | 4 | _aالاسلام |
| 650 | 0 | 4 | _aالتفاسير |
| 650 | 0 | 4 | _aالقران |
| 942 |
_2ddc _cBK |
||
| 999 |
_c32110 _d32110 |
||